00522nam a2200157 a 450000100100000000500170001000800410002702000180006804000250008608200110011110000360012224500730015826000500023130000200028150000630030100004839120201002061123.0190219s2016 dr 000 0 spa d a9789945897968 aDO-SdBNPbspacBNPHU axxbxx1 aMirabal, Yoselman Rodwind1969-10aJamartía :b10 consejos para no pecar /cYoselman Roodwin Mirabal. aSanto Domingo :bProducciones Mirabal,c2016. a90 p. ;c22 cm. aIncluye datos biográficos del autor en la contracubierta